| 000 | 00585nam a22002057a 4500 | ||
|---|---|---|---|
| 999 |
_c9605 _d9605 |
||
| 003 | AR-CdUCM | ||
| 008 | 190328b ||||| |||| 00| 0 spa d | ||
| 040 |
_aMUNICIPALIDAD PROVINCIAL DEL CUSCO _cBIBLIOTECA MUNICIPAL DEL CUSCO |
||
| 082 |
_a869.56 / _bF66 |
||
| 100 |
_aFlorian, Mario _914609 |
||
| 245 |
_aNaturaleza viva : _bEpopeya 1961 / |
||
| 260 |
_aLima : _bCIP, _c1966. |
||
| 300 | _c25 cm. | ||
| 500 | _aLibro no tiene numeración. | ||
| 505 | _aContenido : Poesías. | ||
| 650 |
_aPoesías peruanas _91481 |
||
| 650 |
_aSiglo XX _98 |
||
| 942 |
_2ddc _cLIBROS |
||
| 945 | _arum | ||